Family violence in India : human rights issues actions and international comparisons (Record no. 215873)
[ view plain ]
| 000 -LEADER | |
|---|---|
| fixed length control field | 00597nam a2200181Ia 4500 |
| 008 - FIXED-LENGTH DATA ELEMENTS--GENERAL INFORMATION | |
| fixed length control field | 210719s2009 xx 000 0 und d |
| 020 ## - INTERNATIONAL STANDARD BOOK NUMBER | |
| International Standard Book Number | 81-316-0224-9 |
| 041 ## - LANGUAGE CODE | |
| Language code of text/sound track or separate title | eng |
| 082 ## - DEWEY DECIMAL CLASSIFICATION NUMBER | |
| Classification number | 361.614 SHIF |
| 100 ## - MAIN ENTRY--PERSONAL NAME | |
| Personal name | SHIRWADKAR (Swati) Ed |
| 245 ## - TITLE STATEMENT | |
| Title | Family violence in India : human rights issues actions and international comparisons |
| 260 ## - PUBLICATION, DISTRIBUTION, ETC. | |
| Place of publication, distribution, etc. | Jaipur |
| Name of publisher, distributor, etc. | Rawat Publications |
| Date of publication, distribution, etc. | 2009 |
| 300 ## - PHYSICAL DESCRIPTION | |
| Extent | xii,484 |
| Other physical details | HB |
| 365 ## - TRADE PRICE | |
| Price amount | 995 |
| Currency code | Rs |
| 650 ## - SUBJECT ADDED ENTRY--TOPICAL TERM | |
| Topical term or geographic name entry element | Public Action |
| 650 ## - SUBJECT ADDED ENTRY--TOPICAL TERM | |
| Topical term or geographic name entry element | Public Action |
| 906 ## - LOCAL DATA ELEMENT F, LDF (RLIN) | |
| a | human ; actions ; comparisons ; Family ; India ; international ; issues ; rights ; violence |
| Withdrawn status | Lost status | Damaged status | Not for loan | Collection code | Home library | Current library | Date acquired | Source of acquisition | Cost, normal purchase price | Total Checkouts | Full call number | Barcode | Date last seen | Price effective from | Koha item type |
|---|---|---|---|---|---|---|---|---|---|---|---|---|---|---|---|
| St Aloysius Library | St Aloysius Library | 03/14/2019 | General Annual | 995.00 | 361.614 SHIF | D04508 | 07/19/2021 | 07/19/2021 | Donated Books |